000 00827nam a22002412 4500
001 0000012606
005 20151217152110.0
008 090223s xx 000 0 eng d
020 _a0078650917 :
040 _aKABU
_cKABU
100 1 _aBronson, Mary H.
_@0000169480
245 1 0 _aTeen health course 1 /
_cMary H. Bronson, Michael J. Cleary, Betty M. Hubbard.
250 _aTeacher Wraparound ed.
260 _aNew York :
_bGlencoe,
_c2005.
300 _a1v. (various pagings) ;
_c cm.
650 0 _aTeenagers
_xHealth and hygiene.
_@0000167886
700 1 _aCleary, Michael J.
_@0000169481
700 1 _aHubbard, Betty M.
_@0000169482
852 1 _9p500 KES
852 1 _9p500 KES
908 _a090223
950 _@1
999 _c8243
_d8243